[Event "ITA-ch U12"]
[Site "Tarvisio"]
[Date "2023.07.05"]
[Round "4"]
[White "Petcu, Gabriel"]
[Black "Chiari, Cosimo"]
[Result "0-1"]
[WhiteElo "1605"]
[BlackElo "1814"]
[PlyCount "154"]
[EventDate "2023.07.02"]
[EventType "swiss"]
[EventRounds "9"]
[EventCountry "ITA"]
[SourceTitle "EXT 2024"]
[Source "ChessBase"]
[SourceDate "2023.10.10"]
[SourceVersion "1"]
[SourceVersionDate "2023.10.10"]
[SourceQuality "1"]

1. e4 c6 2. Nc3 d5 3. Nf3 Bg4 4. h3 Bxf3 5. Qxf3 e6 6. d4 Nf6 7. Be2 dxe4 8. Qe3 Bb4 9. Bd2 Bxc3 10. Bxc3 Nbd7 11. Qg3 0-0 12. Bb4 Re8 13. 0-0 Nb6 14. Bd6 Nbd5 15. c4 Ne7 16. Be5 Nf5 17. Qc3 Nd7 18. Rad1 e3 19. g4 exf2+ 20. Rxf2 Nxe5 21. dxe5 Qg5 22. Kh2 Ne7 23. Rdf1 Rf8 24. Bd3 Rad8 25. Be4 Ng6 26. Bxg6 Qxg6 27. Rf3 Qe4 28. Rf4 Qd3 29. Qe1 Qd2+ 30. Qf2 Qxf2+ 31. R1xf2 Rd1 32. Re4 Rfd8 33. b3 R8d4 34. Rxd4 Rxd4 35. Kg3 Kf8 36. Re2 Ke7 37. h4 c5 38. Re3 Rd2 39. a4 Kd7 40. Rf3 Ke7 41. Re3 Rd1 42. Kf3 Rh1 43. Kg3 f6 44. exf6+ gxf6 45. g5 f5 46. Re5 b6 47. a5 Rg1+ 48. Kf2 Rg4 49. axb6 axb6 50. Re3 Rxh4 51. Rg3 Kf7 52. Kf3 Rd4 53. Ke2 Kg6 54. Rh3 Re4+ 55. Kf3 Rd4 56. Ke2 Kxg5 57. Rxh7 Re4+ 58. Kf2 b5 59. cxb5 Rb4 60. Rb7 Rxb3 61. b6 Kf6 62. Rb8 Ke5 63. b7 Ke4 64. Re8 Rxb7 65. Rxe6+ Kf4 66. Re2 Rc7 67. Rc2 c4 68. Rc3 Ke4 69. Ke2 f4 70. Ra3 c3 71. Ra1 f3+ 72. Kf2 c2 73. Rc1 Kd3 74. Ke1 f2+ 75. Kxf2 Kd2 76. Ra1 c1Q 77. Rxc1 Rxc1 0-1